Universal and practical teachings of Bhagavan Sri Sathya Sai Baba / (Record no. 78247)

MARC details
000 -LEADER
fixed length control field 00601nam a22001817a 4500
005 - DATE AND TIME OF LATEST TRANSACTION
control field 20130917105613.0
010 ## - LCCN (DPL NO)
LC control number ENG-108200
020 ## - INTERNATIONAL STANDARD BOOK NUMBER
Terms of availability 84.00
International Standard Book Number 9788172088132
035 ## - SYSTEM CONTROL NUMBER
System control number EN-91733
037 ## - SOURCE OF ACQUISITION
Source of stock number/acquisition DBAD/PUB
082 ## - DEWEY DECIMAL CLASSIFICATION NUMBER
Classification number 230.35
100 ## - MAIN ENTRY--PERSONAL NAME
Personal name Kamaraju, Anil Kumar
245 ## - TITLE STATEMENT
Title Universal and practical teachings of Bhagavan Sri Sathya Sai Baba /
Statement of responsibility, etc by Anil Kumar Kamaraju
260 ## - PUBLICATION, DISTRIBUTION, ETC. (IMPRINT)
Place of publication, distribution, etc Andhra Pradesh
Name of publisher, distributor, etc Sri Sathya Sai Sadhana Trust
Date of publication, distribution, etc 2010
270 ## - ADDRESS
Address Prasanthi Nilayam,Anantapur District
City Andhra Pradesh
Postal code 515134
300 ## - PHYSICAL DESCRIPTION
Extent 187p.
Dimensions 22cm(pbk)
942 ## - ADDED ENTRY ELEMENTS (KOHA)
Source of classification or shelving scheme Dewey Decimal Classification
Item type English Books
Call number suffix KAM
Classification part 230.35
Holdings
Withdrawn status Lost status Not for loan Collection code Home library Current library Date acquired Source of acquisition Cost, normal purchase price Full call number Barcode Copy number Cost, replacement price Koha item type
    Not For Loan Fiction D.B.Act.Division D.B.Act.Division 31/07/2013 DBAD / PUB 84.00 230.35 KAM EN-91733 1 84.00 English Books

© Delhi Public Library
Hit Counter
free hit counter